Szczegóły MARC21

Psychologia społeczna : serce i umysł /

003 -Nazwa inst., której nr kontr. jest w polu 001 [,]
    • @
    • Nazwa instytucji, której n kontrolny jest w polu 001
    • NUKAT
005 -DATA I CZAS OSTATNIEJ MODYFIKACJI [,]
    • @
    • pole kontrolne
    • 20241231093910.0
020 -Międzynarod. znormalizowany nr książki - ISBN [ , ]
    • a
    • Numer ISBN
    • 8371500165 Find
040 -Instytucja sporządzająca opis [ , ]
    • a
    • Instytucja, która sporządziła opis (NP)
    • LUBL 64/MK
    • c
    • Instytucja, która sporządziła rekord (NP)
    • LUBL 64/MK
    • d
    • Instytucja, która zmodyfikowała rekord (P)
    • LUBL 64/MK
    • d
    • Instytucja, która zmodyfikowała rekord (P)
    • LUBL 64/WSs
    • d
    • Instytucja, która zmodyfikowała rekord (P)
    • KR U/42EBs
    • d
    • Instytucja, która zmodyfikowała rekord (P)
    • WA U/EJ
    • d
    • Instytucja, która zmodyfikowała rekord (P)
    • GL 001/ER
    • d
    • Instytucja, która zmodyfikowała rekord (P)
    • KR U/WJ
    • d
    • Instytucja, która zmodyfikowała rekord (P)
    • TOR U/KBu
041 -Język dokumentu [1, ]
    • a
    • Język tekstu (P)
    • polski
    • h
    • Język tekstu oryginalnego i/lub pośredniego (P)
    • angielski
942 -Rodzaj dokumentu [ , ]
    • c
    • Rodzaj dokumentu
    • Książka
100 -Hasło główne - nazwa osobowa [1, ]
    • a
    • Nazwa osobowa (NP)
    • Aronson, Elliot
    • d
    • Daty biograficzne (NP)
    • (1932- ).
    • 9
    • KHW
    • 20167
240 -Tytuł ujednolicony [1,0]
    • a
    • Tytuł ujednolicony
    • Social psychology
    • l
    • Język tekstu
    • (pol.)
    • 9
    • KHW
    • 49002
245 -Strefa tytułu i oznaczenia odpowiedzialności [1,0]
    • a
    • Tytuł
    • Psychologia społeczna : Find
    • b
    • Ciąg dalszy tytułu (NP)
    • serce i umysł / Find
    • c
    • Pozostałe elementy strefy tytułu i oznaczenia odpowiedzialności (NP)
    • Elliot Aronson, Timothy D. Wilson, Robin M. Akert ; [red. nauk. Waldemar Domachowski ; przekł. dokonali: Anna Bezwińska et al.].
246 -Wariant tytułu [3,0]
    • a
    • Tytuł (NP)
    • Serce i umysł
260 -Strefa adresu wydawniczego [ , ]
    • a
    • Miejsce wydania (P)
    • Poznań :
    • b
    • Nazwa wydawcy (P)
    • Wydawnictwo Zysk i S-ka,
    • c
    • Data wydania (P)
    • cop. 1997.
300 -Strefa opisu fizycznego [ , ]
    • a
    • Określenie formy książki i/lub objętość (NP)
    • XXXI, [11], 736 s. :
    • b
    • Oznaczenie ilustracji (NP)
    • il. ;
    • c
    • Format (NP)
    • 26 cm.
336 -Typ zawartości [ , ]
    • a
    • Termin opisujący typ zawartości
    • Tekst
    • b
    • Kod określający zawartość
    • txt
    • 2
    • Źródło (terminu i kodu)
    • rdacontent
337 -Typ mediów [ , ]
    • a
    • Tryb odtwarzania
    • Bez urządzenia pośredniczącego
    • b
    • Kod typu mediów
    • n
    • 2
    • Źródło (terminu i kodu)
    • rdamedia
338 -Typ/rodzaj nośnika [ , ]
    • a
    • Hasło opisujące typ nośnika
    • Wolumin
    • b
    • Kod typu nośnika
    • nc
    • 2
    • Źródło (terminu i kodu)
    • rdacarrier
504 -Uwaga dot. bibliogr. załącznikowej [ , ]
    • a
    • Uwaga dot. bibliografii załącznikowej
    • Bibliogr. s. 689-729 oraz przy rozdz.
530 -Uwaga dot. innej postaci fizycznej dokumentu [ , ]
    • a
    • Uwaga dot. innej postaci fizycznej dokumentu
    • Dostępne również w formie elektronicznej.
080 -Uniwersalna Klasyfikacja Dziesiętna [ , ]
    • 2
    • Identyfikator wydania tablic
    • UDC-P022
    • a
    • Symbol klasyfikacji
    • 316.6
    • b
    • Dopowiedzenie
    • Psychologia społeczna. Zachowania społeczne. Aktywność i bierność w zachowaniu społecznym. Motywacje ludzkiego zachowania. Potrzeby.Aspiracje
650 -Hasło przedmiotowe [ ,7]
    • a
    • Hasło przedmiotowe
    • Psychologia społeczna.
    • 2
    • Źródło terminu
    • kaba
    • 9
    • KHW
    • 192308
980 -Symbol UKD [ , ]
    • a
    • UKD
    • 316.6
700 -Hasło dodatkowe - nazwa osobowa [1, ]
    • a
    • Nazwa osobowa (NP)
    • Wilson, Timothy D. Find
    • 9
    • KHW
    • 49000
700 -Hasło dodatkowe - nazwa osobowa [1, ]
    • a
    • Nazwa osobowa (NP)
    • Akert, Robin M. Find
    • 9
    • KHW
    • 48999
700 -Hasło dodatkowe - nazwa osobowa [1, ]
    • a
    • Nazwa osobowa (NP)
    • Domachowski, Waldemar Find
    • d
    • Daty biograficzne (NP)
    • (1948- ).
    • e
    • Określenie rodzaju współpracy
    • Red.
    • 9
    • KHW
    • 14118
700 -Hasło dodatkowe - nazwa osobowa [1, ]
    • a
    • Nazwa osobowa (NP)
    • Bezwińska-Walerjan, Anna. Find
    • e
    • Określenie rodzaju współpracy
    • Tł.
    • 9
    • KHW
    • 69627
710 -Hasło dodatkowe - nazwa ciała zbiorowego [2, ]
    • a
    • Nazwa ciała zbiorowego lub nazwa geograficzna jako pierwszy element (NP)
    • Zysk i S-ka Wydawnictwo.
    • 4
    • Kod relacji
    • pbl
    • 9
    • KHW
    • 54028
856 -Dostęp do wersji elektronicznej [4,1]
920 -ISBN [ , ]
    • a
    • ISBN
    • 83-7150-016-5 Find
Uwagi nie widoczne w OPAC Status udost. Numer inwentarzowy Sygnatura Data inwentaryzacji Lokalizacja
przepisany-9W.191567 1997-08-08BG
przepisany1Z.95270Z.900972000-02-29BG
przepisany-9W.191568W.1915671997-08-08BG
przepisany2W.191569W.1915671997-08-13BG
przepisany-9W.191570W.1915671997-08-13BG
przepisany-9W.191571W.1915671997-08-13BG
przepisany-6W.191572W.1915671997-08-13BG
przepisany-9W.191573W.1915671997-08-13BG
przepisany-9W.191574W.1915671997-08-13BG
przepisany-9W.191575W.1915671997-08-13BG
przepisany-9W.191576W.1915671997-08-13BG
przepisany-9W.191577W.1915671997-08-13BG
przepisany-9W.191578W.1915671997-08-13BG
przepisany-9W.205736W.1915672002-01-11BG
przepisany-9W.206411W.1915672002-04-03BG
przepisany-9W.206412 2002-04-03BG
przepisany-9WM.457 2003-01-06BG
przepisany-9WM.458WM.4572003-01-06BG
przepisany-9WM.459WM.4572003-01-06BG
przepisany-9WM.460WM.4572003-01-06BG
przepisany-9WM.461WM.4572003-01-06BG
 -9WM.5763 2006-11-15BG
 -9WM.7039 2007-10-04BG
 1Z.90096  BG
przepisany1WF.7896 2006-05-25BM
przepisany-3Pd.10069 1997-08-08BNS
przepisany-3F.27625 1997-11-07BNS
przepisany-3Pd.10547 1997-12-30BNS
przepisany-3Pd.10548 1997-12-30BNS
przepisany1F.27408 1997-08-08BNS
przepisany-2T.5163T.51632001-04-21T
przepisany-3TM.3189 2005-04-11T